000 005400000a22001690004500
020 _a9977-83-044-4
041 0 _aSPA
082 0 4 _aG 269.4 B7563a
245 1 0 _aAlgo más que opio : Una lectura antropológica del pentecostalismo latinoamericano y caribeño / Barbara Boudewijnse, André Droogers, Frans Kamsteeg, Editores
260 _aSan José, Costa Rica : DEI
300 _a176 Pag
001 8167
942 _cBK
999 _c38360
_d38360
336 _atexto
_btxt
_2rdacontent
337 _2rdamedia
_asin mediación
_bn
338 _2rdacarrier
_avolumen
_bnc